Miami Dolphins 53 Man Roster 2022 - Statistics

General Stats
  • This quiz has been taken 83 times
    76 since last reset
  • The average score is 18 of 53
Answer Stats
Hint Answer % Correct
QB Tua Tagovailoa
98%
QB Teddy Bridgewater
82%
WR Tyreek Hill
82%
WR Jaylen Waddle
71%
QB Skylar Thompson
71%
RB Raheem Mostert
58%
CB Xavien Howard
56%
TE Mike Gesicki
51%
FB Alec Ingold
45%
TE Durham Smythe
40%
RB Myles Gaskin
40%
RB Salvon Ahmed
40%
DE (DL) Christian Wilkins
38%
K Jason Sanders
38%
RB Chase Edmonds
36%
LB Jerome Baker
36%
FS Jevon Holland
36%
RT (OL) Austin Jackson
35%
RG (OL) Robert Hunt
35%
LT (OL) Terron Armstead
35%
WR Trent Sherfield
33%
LS Blake Ferguson
31%
SS Brandon Jones
29%
C (OL) Connor Williams
29%
LB Duke Riley
29%
DE (DL) Emmanuel Ogbah
29%
SS Eric Rowe
29%
TE Hunter Long
29%
LB Jaelan Phillips
29%
LG (OL) Liam Eichenberg
29%
CB Noah Igbinoghene
29%
DE (DL) Zach Sieler
29%
WR Cedrick Wilson Jr.
27%
LB Elandon Roberts
27%
P Thomas Morstead
27%
WR Erik Ezukanma
25%
RT (OL) Greg Little
25%
CB Kader Kohou
25%
CB Nik Needham
25%
TE Cethan Carter
24%
LB Melvin Ingram
24%
RG (OL) Robert Jones
24%
LB Andrew Van Ginkel
22%
NT (DL) Raekwon Davis
22%
NT (DL) John Jenkins
20%
CB Keion Crossen
20%
C (OL) Michael Deiter
20%
LB Sam Eguavoen
20%
TE Tanner Conner
20%
LB Channing Tindall
18%
CB Justin Bethel
18%
LB Trey Flowers
15%
FS Elijah Campbell
13%
No matching quizzes found
Score Distribution
Percent of People with Each Score
Percentile by Number Answered
Your Score History
You have not taken this quiz since the last reset